Shapes of Countries That Border EU - Statistics

General Stats
  • This quiz has been taken 225 times
  • The average score is 18 of 21
Answer Stats
Picture Answer % Correct
United Kingdom
100%
Norway
99%
Russia
99%
Morocco
93%
Turkey
93%
Ukraine
93%
Vatican City
92%
Monaco
91%
Brazil
90%
Serbia
90%
Albania
89%
Belarus
89%
Bosnia and Herzegovina
89%
Switzerland
89%
Moldova
82%
North Macedonia
79%
Liechtenstein
78%
Montenegro
76%
Andorra
66%
Suriname
65%
San Marino
64%
No matching quizzes found
Score Distribution
Percent of People with Each Score
Percentile by Number Answered
Your Score History
You have not taken this quiz